Ursidés du Monde - Statistiques

Statistiques générales
  • Ce quiz a été pris 17 fois
  • Le résultat moyen est 5 sur 8
Statistiques - réponses
Genre Espèce % Correct
Ursus Ours Brun
100%
Ursus Ours Polaire
100%
Ursus Ours Noir
75%
Tremarctos Ours à Lunettes
63%
Helarctos Ours Malais
56%
Ailuropoda Panda Géant
56%
Melursus Ours Lippu
31%
Ursus Ours Noir d'Asie
19%
Aucun quiz correspondant
Distribution des résultats
% des personnes avec chaque résultat
Percentile par nombre de réponses
Votre historique - résultats
Vous n’avez pas pris ce quiz